000 00767nam a2200253 i 4500
003 DO-SdBNP
005 20230615152333.0
007 ta
008 230615b2023 dr ||||| |||| 00| 0 spa d
020 _a9789945929263
040 _aDO-SdBNP
_bspa
_cBNPHU
_erda
082 4 _222
100 _aMejía Samboy, Claritza Irene,
_eautora
_983550
245 1 3 _aLa vida de Gabriel /
_cClaritza Irene Mejía Samboy
264 _aSanto Domingo :
_bBúho,
_c2023.
300 _a162 páginas ;
_c23 cm.
336 _2rdacontent
_atexto
_btxt
337 _2rdamedia
_asin mediación
_bn
338 _2rdacarrier
_avolumen
_bnc
500 _aIncluye datos biográficos del autora en la contracubierta
590 _aInventariado, 2023/BT
910 _aBtavárez
942 _2ddc
_cLBS1
999 _c53841
_d53841